000 00568nam a2200217 a 4500
999 _c5022
_d5022
001 5022
003 BD-JhCC
005 20171209112044.0
008 171207s19701976e a|||| || | 001 0 eng d
035 _a(BD-JhCC)5022
040 _aBD-JhCC
_dBD-JhCC
041 _aeng
082 _a537
_bNEL 1976
100 _aNelkon, M.
245 _aElectricity :
_ban SI advanced level course /
_c M. Nelkon,
260 _aLondon :
_bOxford University Press,
_c1976
300 _a487 p. :
_c22 cm.
650 _aElectricity and Electronics
942 _2ddc
_cBK